Ανάπτυξη παραμέτρων χωρικής επιφανειακής θερμοκρασίας και επιφανειακής συγκέντρωσης χλωροφύλλης από δορυφορικές εικόνες : η περίπτωση του Αιγαίου Πελάγους

Αποθηκεύτηκε σε:
Λεπτομέρειες βιβλιογραφικής εγγραφής
Κύριος συγγραφέας: Κιούσης, Κωνσταντίνος
Συγγραφή απο Οργανισμό/Αρχή: Πανεπιστήμιο Αιγαίου Σχολή Περιβάλλοντος Τμήμα Επιστημών της Θάλασσας
Άλλοι συγγραφείς: Γεωργακαράκος, Στρατής (Εισηγητής διατριβής)
Μορφή: Thesis Βιβλίο
Γλώσσα:Greek
Δημοσίευση: Μυτιλήνη : Πανεπιστήμιο Αιγαίου, Τμήμα Επιστημών της Θάλασσας, 2003
Θέματα:
Διαθέσιμο Online:http://hdl.handle.net/11610/7270
Ετικέτες: Προσθήκη ετικέτας
Δεν υπάρχουν, Καταχωρήστε ετικέτα πρώτοι!

MARC

LEADER 00000cam a2200000 i 4500
001 1/24568
008 060217s2003 gre d
035 |l 10082699 
040 |a GR-MY-UA  |b gre  |e aacr 
041 0 |a gre 
082 0 |a 577.714  |2 (22) 
100 1 |a Κιούσης, Κωνσταντίνος. 
245 1 0 |a Ανάπτυξη παραμέτρων χωρικής επιφανειακής θερμοκρασίας και επιφανειακής συγκέντρωσης χλωροφύλλης από δορυφορικές εικόνες :  |b η περίπτωση του Αιγαίου Πελάγους /  |c Κιούσης Κωνσταντίνος ; υπεύθυνος καθηγητής Στρατής Γεωργακαράκος 
260 |a Μυτιλήνη :   |b Πανεπιστήμιο Αιγαίου, Τμήμα Επιστημών της Θάλασσας,   |c 2003 
300 |a 79 σ.;  |b πιν., εικ., διαγρ.;  |c 30 εκ. 
502 |a Πτυχιακή εργασία – Πανεπιστήμιο Αιγαίου, Λέσβος, 2003. 
504 |a Βιβλιογραφία: σ. 77-79 
650 0 0 |a Phytoplankton  |x Research. 
650 0 0 |a Eutrophication  |x Research. 
650 0 0 |a Ocean temperature  |x Remote sensing. 
650 0 0 |a Marine eutrophication  |x Remote sensing. 
650 0 0 |a Marine eutrophication  |z Aegean Sea. 
650 0 0 |a Dissertations, Academic  |z Greece. 
700 1 |a Γεωργακαράκος, Στρατής.  |4 ths 
710 2 |a Πανεπιστήμιο Αιγαίου  |b Σχολή Περιβάλλοντος  |b Τμήμα Επιστημών της Θάλασσας. 
852 |a INST  |b LESVOS  |c DIATR  |e 20060217  |h 27  |p 005100036035  |q 005100036035  |t DIE  |y 23 
852 |a INST  |b LESVOS  |c DIATR  |e 20060217  |h 28  |p 005100035984  |q 005100035984  |t DIE  |y 23 
856 |u http://hdl.handle.net/11610/7270 
901 |a BIBL1-2006-1 
909 |a Λ  |b 107971 
909 |a Λ  |b 107972 
924 |a ΚΙΟΥΣΗΣ  |b ΚΩΝΣΤΑΝΤΙΝΟΣ  |y ΛΕΣΒΟΣ  |z 2004-01 
970 |a ΜΑΡΙΝΑΤΟΥ  |b ΜΥΡΣΙΝΗ  |z 2006/02/17